000 00447nam a22001691a 4500
001 11685
003 OSt
005 20260204212251.0
008 130507s2011||||dr ||||||b||||||||||spa||
050 _aRD 344.01 R299c
100 _aRepublica Dominicana
245 _aLey num. 16-92 Codigo de trabajo de la Republica Dominicana
264 _aRepública Dominicana: MD (Editor)
300 _a236 P
650 _aDERECHO LABORALÌ
942 _2ddc
_cBK
999 _c11685
_d11685